|
|
|
|
| LEADER |
01490nam a2200349 i 4500 |
| 001 |
28845 |
| 003 |
BD-DhAAL |
| 005 |
20231107151855.0 |
| 008 |
150128s2014 ii b 001 0 eng |
| 010 |
|
|
|a 2013443976
|
| 020 |
|
|
|a 9780198077428
|
| 020 |
|
|
|a 0198077424
|
| 040 |
|
|
|a DLC
|b eng
|e rda
|c DLC
|d BD-DhAAL
|
| 042 |
|
|
|a pcc
|
| 043 |
|
|
|a a-ii---
|
| 050 |
0 |
0 |
|a HD2072
|b .H24 2014
|
| 082 |
0 |
0 |
|a 338.1095409031
|2 21
|
| 100 |
1 |
|
|a Habib, Irfan,
|d 1931-
|9 7479
|
| 245 |
1 |
4 |
|a The agrarian system of Mughal India, 1556-1707 /
|c Irfan Habib.
|
| 250 |
|
|
|a Third edition.
|
| 260 |
|
|
|a New Delhi ;
|a New York :
|b Oxford University Press,
|c 2014.
|
| 300 |
|
|
|a xvii, 548 pages ;
|c 22 cm.
|
| 490 |
0 |
|
|a Oxford India paperbacks
|
| 504 |
|
|
|a Includes bibliographical references (pages 467-507) and index.
|
| 526 |
|
|
|a GenEd
|
| 541 |
|
|
|e 28845, 41948
|a Book Finder International
|
| 650 |
|
0 |
|a Agriculture
|x Economic aspects
|z India
|x History
|y 16th century.
|9 7480
|
| 650 |
|
0 |
|a Agriculture and state
|z India
|x History
|y 16th century.
|9 7481
|
| 942 |
|
|
|2 ddc
|c BK
|
| 999 |
|
|
|c 33510
|d 33510
|
| 952 |
|
|
|0 0
|1 0
|2 ddc
|4 0
|6 338_109540903100000_HAB
|7 0
|9 50342
|a BRACUL
|b BRACUL
|c GEN
|d 2015-01-28
|e Riza Enterprise
|g 1077.00
|l 2
|m 19
|o 338.1095409031 HAB
|p 3010028845
|r 2023-09-07
|s 2023-05-31
|t 1
|w 2015-01-28
|y BK
|
| 952 |
|
|
|0 0
|1 0
|2 ddc
|4 0
|6 338_109540903100000_HAB
|7 0
|9 74622
|a SCL
|b SCL
|c GEN
|d 2023-10-17
|e Book Finder International
|g 1622.01
|l 11
|m 5
|o 338.1095409031 HAB
|p 3020041948
|r 2026-04-07
|s 2026-04-02
|t 2
|v 1622.01
|w 2023-10-17
|y BK
|